[Event "CCC 2016 1-15"]
[Site "?"]
[Date "2016.04.26"]
[Round "9.1"]
[White "Hendrik Andreasen 2227"]
[Black "GM Jonny Hector 2493"]
[Result "0-1"]
[BlackElo "2493"]
[WhiteElo "2227"]
[LiveChessVersion "1.4.8"]

1. d4 {[%clk 1:30:57]} d5 {[%clk 1:30:53]} 2. c4 {[%clk 1:30:47]} c6
{[%clk 1:31:17]} 3. Nf3 {[%clk 1:30:31]} Nf6 {[%clk 1:31:42]} 4. Nc3
{[%clk 1:30:53]} dxc4 {[%clk 1:32:05]} 5. a4 {[%clk 1:31:06]} Bf5
{[%clk 1:32:30]} 6. Ne5 {[%clk 1:30:42]} Nbd7 {[%clk 1:31:34]} 7. Nxc4
{[%clk 1:30:08]} Qc7 {[%clk 1:31:55]} 8. Qd2 {[%clk 1:29:00]} g6 {[%clk 1:28:42]}
9. Qf4 {[%clk 1:28:26]} Qxf4 {[%clk 1:28:16]} 10. Bxf4 {[%clk 1:28:50]} Bg7
{[%clk 1:27:50]} 11. e3 {[%clk 1:20:39]} Nd5 {[%clk 1:17:20]} 12. Bg5
{[%clk 1:16:34]} f6 {[%clk 1:13:52]} 13. Bh4 {[%clk 1:15:23]} Nb4
{[%clk 1:13:58]} 14. O-O-O {[%clk 1:12:06]} a5 {[%clk 1:11:27]} 15. e4
{[%clk 1:04:02]} Bh6+ {[%clk 1:11:23]} 16. Kb1 {[%clk 1:03:05]} Be6
{[%clk 1:11:35]} 17. f3 {[%clk 1:02:40]} O-O {[%clk 1:11:06]} 18. g4
{[%clk 0:57:58]} Bf4 {[%clk 0:59:21]} 19. Bg3 {[%clk 0:52:49]} Bxg3
{[%clk 0:59:21]} 20. hxg3 {[%clk 0:53:14]} Rfd8 {[%clk 0:58:55]} 21. Be2
{[%clk 0:51:45]} Kg7 {[%clk 0:58:34]} 22. Rhe1 {[%clk 0:47:29]} Bxc4
{[%clk 0:56:30]} 23. Bxc4 {[%clk 0:47:48]} Nb6 {[%clk 0:56:18]} 24. Bb3
{[%clk 0:45:36]} Rd7 {[%clk 0:54:50]} 25. Ne2 {[%clk 0:40:24]} g5
{[%clk 0:49:31]} 26. d5 {[%clk 0:34:10]} cxd5 {[%clk 0:48:56]} 27. Nd4
{[%clk 0:33:49]} dxe4 {[%clk 0:45:01]} 28. Ne6+ {[%clk 0:30:42]} Kh8
{[%clk 0:44:13]} 29. Rxd7 {[%clk 0:30:35]} Nxd7 {[%clk 0:44:39]} 30. Rxe4
{[%clk 0:30:28]} Rc8 {[%clk 0:40:00]} 31. f4 {[%clk 0:28:22]} gxf4
{[%clk 0:32:47]} 32. gxf4 {[%clk 0:28:42]} f5 {[%clk 0:30:52]} 33. Rd4
{[%clk 0:27:50]} Nf6 {[%clk 0:30:28]} 34. g5 {[%clk 0:27:44]} Ne4
{[%clk 0:29:23]} 35. Rd1 {[%clk 0:26:35]} b6 {[%clk 0:27:10]} 36. Rd7
{[%clk 0:23:05]} Kg8 {[%clk 0:16:45]} 37. Nd4+ {[%clk 0:21:47]} Kf8
{[%clk 0:17:02]} 38. Nxf5 {[%clk 0:21:52]} Nc5 {[%clk 0:16:59]} 39. Nxe7
{[%clk 0:20:05]} Ra8 {[%clk 0:13:49]} 40. Ng6+ {[%clk 0:16:53]} hxg6
{[%clk 0:14:03]} 41. Rf7+ {[%clk 0:17:16]} Ke8 {[%clk 0:13:20]} 42. Rh7
{[%clk 0:15:58]} Rd8 {[%clk 0:08:32]} 43. Rh8+ {[%clk 0:14:07]} Ke7
{[%clk 0:08:51]} 44. Rxd8 {[%clk 0:14:30]} Kxd8 {[%clk 0:09:14]} 45. Bf7
{[%clk 0:14:51]} Ncd3 {[%clk 0:08:40]} 46. Bxg6 {[%clk 0:15:06]} Nxf4
{[%clk 0:09:03]} 47. Bf5 {[%clk 0:15:05]} Ke7 {[%clk 0:08:28]} 48. b3
{[%clk 0:15:15]} Nbd5 {[%clk 0:05:06]} 49. Kb2 {[%clk 0:15:03]} Kd6
{[%clk 0:05:30]} 50. g6 {[%clk 0:14:32]} Ne7 {[%clk 0:05:40]} 51. g7
{[%clk 0:12:33]} Nh5 {[%clk 0:05:48]} 52. Be4 {[%clk 0:12:13]} Nxg7
{[%clk 0:06:10]} 53. Kc3 {[%clk 0:12:35]} Kc5 {[%clk 0:06:30]} 54. Bg2
{[%clk 0:12:13]} Ngf5 {[%clk 0:06:28]} 55. Be4 {[%clk 0:12:12]} Ne3
{[%clk 0:06:46]} 56. Bf3 {[%clk 0:12:04]} N3d5+ {[%clk 0:07:08]} 57. Kb2
{[%clk 0:12:11]} Kb4 {[%clk 0:07:30]} 58. Bh5 {[%clk 0:12:03]} Nf4
{[%clk 0:07:48]} 59. Bf7 {[%clk 0:12:11]} Nc6 {[%clk 0:08:01]} 60. Bc4
{[%clk 0:11:49]} Nd4 {[%clk 0:08:19]} 61. Ka2 {[%clk 0:10:58]} Nfe6
{[%clk 0:08:26]} 0-1

[Event "CCC 2016 1-15"]
[Site "?"]
[Date "2016.04.26"]
[Round "9.2"]
[White "GM Adrien Demuth 2550"]
[Black "IM Nicolai Getz 2408"]
[Result "1/2-1/2"]
[BlackElo "2408"]
[WhiteElo "2550"]
[LiveChessVersion "1.4.8"]

1. Nf3 {[%clk 1:28:48]} Nf6 {[%clk 1:30:54]} 2. c4 {[%clk 1:29:11]} e6
{[%clk 1:31:20]} 3. g3 {[%clk 1:29:02]} d5 {[%clk 1:31:45]} 4. Bg2
{[%clk 1:29:12]} Be7 {[%clk 1:29:11]} 5. O-O {[%clk 1:29:35]} O-O
{[%clk 1:29:36]} 6. b3 {[%clk 1:29:48]} c5 {[%clk 1:26:54]} 7. Bb2
{[%clk 1:29:57]} d4 {[%clk 1:23:42]} 8. e3 {[%clk 1:29:12]} Nc6 {[%clk 1:18:23]}
9. exd4 {[%clk 1:29:25]} cxd4 {[%clk 1:18:29]} 10. Re1 {[%clk 1:29:49]} Re8
{[%clk 1:09:22]} 11. d3 {[%clk 1:20:17]} Bf8 {[%clk 1:01:45]} 12. a3
{[%clk 1:16:25]} e5 {[%clk 0:55:25]} 13. b4 {[%clk 1:15:06]} Qc7 {[%clk 0:55:37]}
14. Nbd2 {[%clk 1:02:07]} a5 {[%clk 0:48:15]} 15. b5 {[%clk 0:55:43]} Nb8
{[%clk 0:48:17]} 16. Qc2 {[%clk 0:55:25]} Nbd7 {[%clk 0:46:59]} 17. Re2
{[%clk 0:48:53]} Nc5 {[%clk 0:41:12]} 18. Rae1 {[%clk 0:43:04]} e4
{[%clk 0:34:33]} 19. Nxe4 {[%clk 0:39:03]} Nfxe4 {[%clk 0:34:47]} 20. Nxd4
{[%clk 0:37:32]} Bg4 {[%clk 0:31:05]} 21. f3 {[%clk 0:32:25]} Nxd3
{[%clk 0:30:22]} 22. Qxd3 {[%clk 0:32:20]} Nc5 {[%clk 0:30:45]} 23. Qc2
{[%clk 0:26:03]} Rxe2 {[%clk 0:30:39]} 24. Nxe2 {[%clk 0:26:17]} Be6
{[%clk 0:24:37]} 25. Nf4 {[%clk 0:22:52]} Rd8 {[%clk 0:24:58]} 26. Nxe6
{[%clk 0:14:40]} Nxe6 1/2-1/2

[Event "CCC 2016 1-15"]
[Site "?"]
[Date "2016.04.26"]
[Round "9.3"]
[White "GM Mads Andersen 2504"]
[Black "FM Jesper Thybo 2358"]
[Result "1-0"]
[BlackElo "2358"]
[WhiteElo "2504"]
[LiveChessVersion "1.4.8"]

1. d4 {[%clk 1:30:56]} Nf6 {[%clk 1:30:55]} 2. c4 {[%clk 1:31:17]} g6
{[%clk 1:31:21]} 3. Nf3 {[%clk 1:31:34]} Bg7 {[%clk 1:31:46]} 4. Nc3
{[%clk 1:31:52]} d5 {[%clk 1:32:11]} 5. cxd5 {[%clk 1:32:12]} Nxd5
{[%clk 1:32:36]} 6. e4 {[%clk 1:32:32]} Nxc3 {[%clk 1:33:02]} 7. bxc3
{[%clk 1:32:54]} c5 {[%clk 1:33:23]} 8. Be3 {[%clk 1:33:17]} O-O {[%clk 1:30:59]}
9. Rc1 {[%clk 1:33:21]} cxd4 {[%clk 1:20:56]} 10. cxd4 {[%clk 1:33:24]} Bg4
{[%clk 1:18:53]} 11. Be2 {[%clk 1:31:27]} Qa5+ {[%clk 1:15:56]} 12. Qd2
{[%clk 1:30:18]} Qxd2+ {[%clk 1:16:14]} 13. Kxd2 {[%clk 1:23:40]} Nc6
{[%clk 1:13:29]} 14. d5 {[%clk 1:22:50]} Rfd8 {[%clk 1:13:19]} 15. Rhd1
{[%clk 1:09:01]} e6 {[%clk 0:56:07]} 16. Ke1 {[%clk 1:08:17]} exd5
{[%clk 0:54:38]} 17. exd5 {[%clk 1:07:49]} Nb4 {[%clk 0:53:34]} 18. Rc4
{[%clk 1:04:51]} Bxf3 {[%clk 0:52:38]} 19. Bxf3 {[%clk 1:05:00]} Nxa2
{[%clk 0:52:06]} 20. d6 {[%clk 0:57:17]} Rd7 {[%clk 0:49:25]} 21. Rc7
{[%clk 0:53:39]} Rad8 {[%clk 0:49:34]} 22. Bg5 {[%clk 0:52:48]} Nc3
{[%clk 0:47:51]} 23. Bxd8 {[%clk 0:51:46]} Rxd8 {[%clk 0:48:17]} 24. Rd3
{[%clk 0:45:10]} Nb5 {[%clk 0:47:54]} 25. Rxb7 {[%clk 0:45:30]} Nxd6
{[%clk 0:47:25]} 26. Rxa7 {[%clk 0:45:44]} Re8+ {[%clk 0:47:22]} 27. Kf1
{[%clk 0:45:47]} Be5 {[%clk 0:45:12]} 28. Ra8 {[%clk 0:45:32]} Rxa8
{[%clk 0:45:18]} 29. Bxa8 {[%clk 0:46:00]} Kg7 {[%clk 0:45:31]} 30. h4
{[%clk 0:44:23]} h6 {[%clk 0:45:22]} 31. Rd5 {[%clk 0:40:24]} Kf6
{[%clk 0:44:55]} 32. Ra5 {[%clk 0:40:37]} Bc3 {[%clk 0:44:04]} 33. Ra6
{[%clk 0:40:43]} Be5 {[%clk 0:44:27]} 34. Ke2 {[%clk 0:40:17]} g5
{[%clk 0:42:45]} 35. Kf3 {[%clk 0:36:51]} Kg6 {[%clk 0:41:35]} 36. Ra5
{[%clk 0:34:06]} f6 {[%clk 0:40:45]} 37. Be4+ {[%clk 0:30:28]} Kf7
{[%clk 0:37:58]} 38. Bc2 {[%clk 0:22:00]} Bd4 {[%clk 0:36:58]} 39. Rd5
{[%clk 0:21:29]} Be5 {[%clk 0:37:00]} 40. Kg4 {[%clk 0:21:42]} Ke6
{[%clk 0:33:34]} 41. Rd1 {[%clk 0:20:20]} f5+ {[%clk 0:32:17]} 42. Kh5
{[%clk 0:20:43]} gxh4 {[%clk 0:32:24]} 43. Kxh4 {[%clk 0:20:31]} Bf4
{[%clk 0:32:23]} 44. Kh5 {[%clk 0:20:11]} Bg5 {[%clk 0:30:16]} 45. Bb3+
{[%clk 0:19:28]} Kd7 {[%clk 0:28:50]} 46. g3 {[%clk 0:19:09]} f4 {[%clk 0:29:12]}
47. gxf4 {[%clk 0:16:56]} Bxf4 {[%clk 0:29:29]} 48. Kg4 {[%clk 0:17:19]} Be5
{[%clk 0:29:00]} 49. f4 {[%clk 0:17:35]} Bb2 {[%clk 0:29:23]} 50. Kh5
{[%clk 0:17:45]} Ke7 {[%clk 0:28:23]} 51. Re1+ {[%clk 0:17:11]} Kf8
{[%clk 0:28:14]} 52. Kxh6 {[%clk 0:17:22]} Bc3 {[%clk 0:28:17]} 53. Rd1
{[%clk 0:16:56]} Ne4 {[%clk 0:28:08]} 54. Kg6 {[%clk 0:17:00]} Nf6
{[%clk 0:27:06]} 55. Rd3 {[%clk 0:16:50]} Bb2 {[%clk 0:27:18]} 56. Re3
{[%clk 0:16:47]} Bc1 {[%clk 0:25:40]} 57. Re2 {[%clk 0:16:56]} Ne8
{[%clk 0:25:07]} 58. Ba4 {[%clk 0:17:01]} Nd6 {[%clk 0:25:07]} 59. f5
{[%clk 0:16:59]} Ba3 {[%clk 0:25:16]} 60. f6 {[%clk 0:17:07]} 1-0

[Event "CCC 2016 1-15"]
[Site "?"]
[Date "2016.04.26"]
[Round "9.4"]
[White "GM Henrik Danielsen 2480"]
[Black "FM Martin Haubro 2345"]
[Result "1/2-1/2"]
[BlackElo "2345"]
[WhiteElo "2480"]
[LiveChessVersion "1.4.8"]

1. g3 {[%clk 1:30:57]} Nf6 {[%clk 1:30:54]} 2. Bg2 {[%clk 1:31:18]} e5
{[%clk 1:31:20]} 3. c4 {[%clk 1:29:54]} Nc6 {[%clk 1:31:12]} 4. d3
{[%clk 1:27:32]} d5 {[%clk 1:23:32]} 5. cxd5 {[%clk 1:27:11]} Nxd5
{[%clk 1:23:58]} 6. Nf3 {[%clk 1:27:29]} Be7 {[%clk 1:24:07]} 7. O-O
{[%clk 1:27:35]} O-O {[%clk 1:24:33]} 8. a3 {[%clk 1:26:55]} Re8 {[%clk 1:24:34]}
9. b3 {[%clk 1:21:50]} Bf6 {[%clk 1:16:22]} 10. e4 {[%clk 1:20:44]} Nb6
{[%clk 1:14:51]} 11. h3 {[%clk 1:16:27]} Be6 {[%clk 1:14:38]} 12. Nc3
{[%clk 1:10:44]} Qd7 {[%clk 1:13:12]} 13. Kh2 {[%clk 1:11:07]} Rad8
{[%clk 1:10:27]} 14. Ne1 {[%clk 1:11:27]} Nd4 {[%clk 1:10:55]} 15. Rb1
{[%clk 1:11:50]} Qc6 {[%clk 1:03:56]} 16. Bd2 {[%clk 1:10:27]} Qd6
{[%clk 1:04:23]} 17. Bc1 {[%clk 1:08:06]} Qc6 {[%clk 1:04:51]} 18. Bd2
{[%clk 1:06:18]} Qd6 {[%clk 1:03:57]} 19. Bc1 {[%clk 1:04:33]} 1/2-1/2

[Event "CCC 2016 1-15"]
[Site "?"]
[Date "2016.04.26"]
[Round "9.5"]
[White "FM Anastasios Tsiolakidis 2288"]
[Black "GM Carsten Hoi 2393"]
[Result "0-1"]
[BlackElo "2393"]
[WhiteElo "2288"]
[LiveChessVersion "1.4.8"]

1. d4 {[%clk 1:30:51]} d5 {[%clk 1:29:14]} 2. Nf3 {[%clk 1:31:14]} Nf6
{[%clk 1:29:36]} 3. c4 {[%clk 1:31:39]} dxc4 {[%clk 1:29:52]} 4. e3
{[%clk 1:30:49]} Bg4 {[%clk 1:29:58]} 5. Bxc4 {[%clk 1:31:11]} e6
{[%clk 1:30:11]} 6. Nc3 {[%clk 1:31:28]} a6 {[%clk 1:29:02]} 7. h3
{[%clk 1:30:16]} Bh5 {[%clk 1:29:09]} 8. g4 {[%clk 1:30:37]} Bg6 {[%clk 1:29:16]}
9. Ne5 {[%clk 1:30:45]} Nbd7 {[%clk 1:27:47]} 10. Nxg6 {[%clk 1:30:43]} hxg6
{[%clk 1:28:09]} 11. Qf3 {[%clk 1:31:09]} c6 {[%clk 1:25:51]} 12. a3
{[%clk 1:19:42]} Be7 {[%clk 1:20:57]} 13. g5 {[%clk 1:13:17]} Nd5
{[%clk 1:18:04]} 14. h4 {[%clk 1:13:42]} Qc7 {[%clk 1:04:29]} 15. Bd2
{[%clk 1:10:05]} N7b6 {[%clk 0:58:53]} 16. Bb3 {[%clk 1:06:37]} Nxc3
{[%clk 0:56:56]} 17. bxc3 {[%clk 1:04:22]} Nd7 {[%clk 0:52:04]} 18. Ke2
{[%clk 0:59:59]} Rc8 {[%clk 0:46:07]} 19. h5 {[%clk 0:58:03]} gxh5
{[%clk 0:43:49]} 20. g6 {[%clk 0:58:03]} fxg6 {[%clk 0:41:31]} 21. Bxe6
{[%clk 0:58:25]} Rf8 {[%clk 0:39:51]} 22. Qe4 {[%clk 0:52:58]} Rf6
{[%clk 0:38:49]} 23. Rhg1 {[%clk 0:51:40]} Rd8 {[%clk 0:27:05]} 24. Rxg6
{[%clk 0:50:24]} Nc5 {[%clk 0:22:20]} 25. dxc5 {[%clk 0:48:40]} Rxf2+
{[%clk 0:21:56]} 26. Kxf2 {[%clk 0:48:44]} Rxd2+ {[%clk 0:22:15]} 27. Kf3
{[%clk 0:43:19]} Qh2 {[%clk 0:19:43]} 28. Qc4 {[%clk 0:38:48]} Qf2+
{[%clk 0:13:34]} 29. Ke4 {[%clk 0:39:16]} Qh4+ {[%clk 0:11:13]} 30. Bg4
{[%clk 0:38:14]} Rd5 {[%clk 0:09:34]} 31. Qe2 {[%clk 0:31:34]} Kf7
{[%clk 0:09:08]} 32. c4 {[%clk 0:30:39]} Rxc5 {[%clk 0:08:02]} 33. Rg1
{[%clk 0:24:13]} Kxg6 {[%clk 0:07:30]} 34. Kd3 {[%clk 0:12:32]} Rg5
{[%clk 0:07:11]} 35. Bf5+ {[%clk 0:08:50]} Kxf5 {[%clk 0:07:10]} 36. Qf2+
{[%clk 0:09:14]} Qxf2 {[%clk 0:07:29]} 0-1

[Event "CCC 2016 1-15"]
[Site "?"]
[Date "2016.04.26"]
[Round "9.6"]
[White "FM Fabian Englert 2391"]
[Black "FM Kaare Kristensen 2341"]
[Result "0-1"]
[BlackElo "2341"]
[WhiteElo "2391"]
[LiveChessVersion "1.4.8"]

1. d4 {[%clk 1:30:57]} d5 {[%clk 1:30:55]} 2. c4 {[%clk 1:31:23]} c6
{[%clk 1:31:18]} 3. Nf3 {[%clk 1:31:13]} Nf6 {[%clk 1:31:37]} 4. Nc3
{[%clk 1:31:29]} e6 {[%clk 1:31:59]} 5. g3 {[%clk 1:31:53]} dxc4 {[%clk 1:31:41]}
6. Bg2 {[%clk 1:32:16]} b5 {[%clk 1:31:43]} 7. Ne5 {[%clk 1:31:01]} a6
{[%clk 1:31:14]} 8. O-O {[%clk 1:29:55]} Bb7 {[%clk 1:30:32]} 9. b3
{[%clk 1:28:09]} cxb3 {[%clk 1:29:03]} 10. axb3 {[%clk 1:27:26]} Be7
{[%clk 1:26:50]} 11. Bb2 {[%clk 1:24:51]} O-O {[%clk 1:26:23]} 12. Qc2
{[%clk 1:23:30]} Nbd7 {[%clk 1:08:39]} 13. Bxc6 {[%clk 0:57:32]} Qc7
{[%clk 1:03:15]} 14. Bxb7 {[%clk 0:56:49]} Qxb7 {[%clk 1:01:16]} 15. Nd3
{[%clk 0:57:16]} Rfc8 {[%clk 0:53:11]} 16. b4 {[%clk 0:50:21]} Rc4
{[%clk 0:51:28]} 17. Qb3 {[%clk 0:49:55]} Rxd4 {[%clk 0:50:00]} 18. Nxb5
{[%clk 0:47:54]} Rxd3 {[%clk 0:47:39]} 19. Qxd3 {[%clk 0:48:08]} axb5 20. Rxa8+
{[%clk 0:48:25]} Qxa8 {[%clk 0:48:19]} 21. Qxb5 {[%clk 0:48:46]} Qd5
{[%clk 0:41:38]} 22. Qa5 {[%clk 0:36:14]} h6 {[%clk 0:35:32]} 23. b5
{[%clk 0:34:42]} Ne4 {[%clk 0:32:29]} 24. Qa6 {[%clk 0:20:31]} Bc5
{[%clk 0:17:02]} 25. Qc8+ {[%clk 0:17:20]} Kh7 {[%clk 0:13:47]} 26. Qc6
{[%clk 0:17:49]} Nb6 {[%clk 0:12:05]} 27. Qxd5 {[%clk 0:17:02]} Nxd5
{[%clk 0:11:22]} 28. e3 {[%clk 0:17:30]} Nc7 {[%clk 0:09:41]} 29. Rb1
{[%clk 0:09:32]} Nxb5 {[%clk 0:09:22]} 30. Be5 {[%clk 0:10:01]} Nbc3
{[%clk 0:07:38]} 31. Rb7 {[%clk 0:09:56]} f6 {[%clk 0:06:21]} 32. Bxc3
{[%clk 0:07:59]} Nxc3 {[%clk 0:06:46]} 33. Rc7 {[%clk 0:08:27]} Ne4
{[%clk 0:06:53]} 34. Kg2 {[%clk 0:08:55]} Bf8 {[%clk 0:06:31]} 35. Rc8
{[%clk 0:09:02]} Kg8 {[%clk 0:06:28]} 36. Rc7 {[%clk 0:09:31]} Nd6
{[%clk 0:05:30]} 37. Ra7 {[%clk 0:09:31]} Nf5 {[%clk 0:05:30]} 38. Rd7
{[%clk 0:09:52]} Ne7 {[%clk 0:05:39]} 39. Ra7 {[%clk 0:08:24]} Kf7
{[%clk 0:05:44]} 40. Rb7 {[%clk 0:08:53]} h5 {[%clk 0:05:49]} 41. Ra7
{[%clk 0:09:19]} g6 {[%clk 0:05:55]} 42. Rb7 {[%clk 0:09:47]} f5 {[%clk 0:06:01]}
43. Ra7 {[%clk 0:10:16]} Kf6 {[%clk 0:05:49]} 44. Ra8 {[%clk 0:10:38]} Bg7
{[%clk 0:05:56]} 45. Rd8 {[%clk 0:11:02]} Nc6 {[%clk 0:05:23]} 46. Rd7
{[%clk 0:11:20]} Ne5 {[%clk 0:05:45]} 47. Ra7 {[%clk 0:10:39]} Bf8
{[%clk 0:05:10]} 48. Ra4 {[%clk 0:09:57]} Nf7 {[%clk 0:04:39]} 49. e4
{[%clk 0:07:10]} Ng5 {[%clk 0:03:57]} 50. e5+ {[%clk 0:05:53]} Kf7
{[%clk 0:01:48]} 51. Ra7+ {[%clk 0:06:22]} Be7 {[%clk 0:02:02]} 52. f4
{[%clk 0:06:48]} Ne4 {[%clk 0:02:11]} 53. h4 {[%clk 0:07:02]} Kf8
{[%clk 0:01:35]} 54. Ra8+ {[%clk 0:07:27]} Kf7 {[%clk 0:01:59]} 55. Ra7
{[%clk 0:07:55]} Ke8 {[%clk 0:01:55]} 56. Ra8+ {[%clk 0:08:24]} Bd8
{[%clk 0:02:19]} 57. Rb8 {[%clk 0:04:32]} Kd7 {[%clk 0:02:43]} 58. Rb7+
{[%clk 0:04:58]} Bc7 {[%clk 0:03:05]} 59. Ra7 {[%clk 0:05:25]} Kc6
{[%clk 0:03:03]} 60. Ra8 {[%clk 0:05:54]} Bb6 {[%clk 0:03:06]} 61. Rg8
{[%clk 0:03:42]} Bf2 {[%clk 0:03:19]} 62. Rxg6 {[%clk 0:04:10]} Kd5
{[%clk 0:03:26]} 63. Rh6 {[%clk 0:01:43]} Bxg3 {[%clk 0:03:40]} 64. Kf3
{[%clk 0:02:12]} Bxh4 {[%clk 0:02:24]} 65. Rxh5 {[%clk 0:02:42]} Bf2
{[%clk 0:01:20]} 66. Rh7 {[%clk 0:03:10]} Bd4 {[%clk 0:01:36]} 67. Rd7+
{[%clk 0:03:05]} Kc4 {[%clk 0:01:54]} 68. Re7 {[%clk 0:03:31]} Nc5
{[%clk 0:02:13]} 69. Re8 {[%clk 0:03:49]} Kd3 {[%clk 0:02:13]} 70. Re7
{[%clk 0:04:03]} Bc3 {[%clk 0:02:22]} 71. Re8 {[%clk 0:04:24]} Nb3
{[%clk 0:02:36]} 72. Kg3 {[%clk 0:03:34]} Nd4 {[%clk 0:02:59]} 73. Kh4
{[%clk 0:04:03]} Ke4 {[%clk 0:03:01]} 74. Kg5 {[%clk 0:04:32]} Bd2
{[%clk 0:03:16]} 0-1

[Event "CCC 2016 1-15"]
[Site "?"]
[Date "2016.04.26"]
[Round "9.9"]
[White "GM Thorsten Michel Haub 2359"]
[Black "FM Mikkel Manosri Jacobsen 2210"]
[Result "1/2-1/2"]
[BlackElo "2210"]
[WhiteElo "2359"]
[LiveChessVersion "1.4.8"]

1. g3 {[%clk 1:30:58]} d5 {[%clk 1:30:55]} 2. Bg2 {[%clk 1:31:23]} Nf6
{[%clk 1:31:19]} 3. d3 {[%clk 1:31:47]} e5 {[%clk 1:31:42]} 4. a3
{[%clk 1:32:09]} c6 {[%clk 1:31:48]} 5. Nd2 {[%clk 1:32:29]} Bd6 {[%clk 1:32:06]}
6. e4 {[%clk 1:32:53]} O-O {[%clk 1:32:26]} 7. Ngf3 {[%clk 1:33:19]} Nbd7
{[%clk 1:32:05]} 8. O-O {[%clk 1:33:38]} Re8 {[%clk 1:32:23]} 9. b3
{[%clk 1:30:34]} b6 {[%clk 1:25:36]} 10. Bb2 {[%clk 1:29:57]} Ba6
{[%clk 1:25:19]} 11. Nh4 {[%clk 1:27:31]} Qc7 {[%clk 1:22:40]} 12. Nf5
{[%clk 1:19:16]} Bf8 {[%clk 1:22:58]} 13. Kh1 {[%clk 1:14:04]} g6
{[%clk 1:20:48]} 14. Ne3 {[%clk 1:14:00]} d4 {[%clk 1:14:12]} 15. Ng4
{[%clk 1:14:12]} Nxg4 {[%clk 1:14:05]} 16. Qxg4 {[%clk 1:14:36]} h5
{[%clk 1:13:50]} 17. Qe2 {[%clk 1:10:46]} Bh6 {[%clk 1:13:35]} 18. f4
{[%clk 1:06:07]} c5 {[%clk 1:10:31]} 19. f5 {[%clk 1:03:43]} Rf8 {[%clk 1:09:07]}
20. h4 {[%clk 1:00:51]} Nf6 {[%clk 1:05:53]} 21. Bh3 {[%clk 1:00:01]} Kg7
{[%clk 1:01:42]} 22. Nf3 {[%clk 0:59:28]} Bc8 {[%clk 0:58:39]} 23. Nh2
{[%clk 0:58:53]} b5 {[%clk 0:56:06]} 24. a4 {[%clk 0:59:07]} b4 {[%clk 0:55:03]}
25. Rf3 {[%clk 0:58:43]} a5 {[%clk 0:54:06]} 26. Bc1 {[%clk 0:56:49]} Bxc1
{[%clk 0:54:05]} 27. Rxc1 {[%clk 0:57:16]} Ra6 {[%clk 0:54:09]} 28. Rcf1
{[%clk 0:54:01]} Rh8 {[%clk 0:50:18]} 29. Qf2 {[%clk 0:52:07]} Qe7
{[%clk 0:50:26]} 30. Kg2 {[%clk 0:51:25]} Bb7 {[%clk 0:48:29]} 31. fxg6
{[%clk 0:41:15]} fxg6 {[%clk 0:47:26]} 32. Qd2 {[%clk 0:41:03]} Rf8
{[%clk 0:41:23]} 33. Qg5 {[%clk 0:38:12]} Qd6 {[%clk 0:41:00]} 34. Kg1
{[%clk 0:37:53]} Nh7 {[%clk 0:39:51]} 35. Qd2 {[%clk 0:37:54]} Rxf3
{[%clk 0:38:37]} 36. Nxf3 {[%clk 0:35:27]} Qe7 {[%clk 0:38:12]} 37. Qh2
{[%clk 0:35:15]} Nf6 {[%clk 0:30:10]} 38. Nd2 {[%clk 0:32:00]} Bc6
{[%clk 0:24:19]} 39. Nc4 {[%clk 0:30:15]} Be8 {[%clk 0:22:22]} 40. Qg2
{[%clk 0:23:51]} Bf7 {[%clk 0:18:36]} 41. Nd2 {[%clk 0:24:12]} Ng4
{[%clk 0:16:47]} 42. Bxg4 {[%clk 0:23:36]} hxg4 {[%clk 0:17:15]} 43. Qe2
{[%clk 0:23:19]} Qd7 {[%clk 0:15:15]} 44. Rf2 {[%clk 0:23:00]} Rf6
{[%clk 0:15:39]} 45. Rxf6 {[%clk 0:22:44]} Kxf6 {[%clk 0:16:06]} 46. Nf1
{[%clk 0:22:38]} Kg7 {[%clk 0:16:17]} 47. Nh2 {[%clk 0:20:12]} Be6
{[%clk 0:16:41]} 48. Qd2 {[%clk 0:16:37]} Qe7 {[%clk 0:16:59]} 49. Kg2
{[%clk 0:16:14]} Qd8 {[%clk 0:16:57]} 50. Qg5 {[%clk 0:14:44]} 1/2-1/2

[Event "CCC 2016 1-15"]
[Site "?"]
[Date "2016.04.26"]
[Round "9.11"]
[White "Aref Vasli 2164"]
[Black "IM John Arni Nilssen 2300"]
[Result "1/2-1/2"]
[BlackElo "2300"]
[WhiteElo "2164"]
[LiveChessVersion "1.4.8"]

1. d4 {[%clk 1:30:55]} d5 {[%clk 1:30:56]} 2. Nf3 {[%clk 1:31:19]} e6
{[%clk 1:31:21]} 3. Bf4 {[%clk 1:31:45]} Nf6 {[%clk 1:27:29]} 4. e3
{[%clk 1:32:09]} c5 {[%clk 1:25:54]} 5. Nbd2 {[%clk 1:32:31]} Nc6
{[%clk 1:26:02]} 6. c3 {[%clk 1:32:55]} Bd6 {[%clk 1:25:42]} 7. Bg3
{[%clk 1:33:19]} O-O {[%clk 1:25:06]} 8. Bd3 {[%clk 1:33:16]} b6 {[%clk 1:24:20]}
9. Ne5 {[%clk 1:30:24]} Ne7 {[%clk 1:23:56]} 10. O-O {[%clk 1:21:29]} Bb7
{[%clk 1:21:24]} 11. Bh4 {[%clk 1:06:24]} Ng6 {[%clk 1:19:39]} 12. Nxg6
{[%clk 1:03:47]} hxg6 {[%clk 1:18:12]} 13. f4 {[%clk 1:04:08]} Qc7
{[%clk 1:16:39]} 14. Qf3 {[%clk 1:03:46]} Qc6 {[%clk 1:05:20]} 15. Qh3
{[%clk 0:55:45]} Bc8 {[%clk 1:03:53]} 16. g4 {[%clk 0:49:43]} Ne4
{[%clk 1:01:21]} 17. Nf3 {[%clk 0:48:36]} f6 {[%clk 1:01:34]} 18. Bg3
{[%clk 0:45:17]} Qe8 {[%clk 0:57:28]} 19. Nh4 {[%clk 0:40:51]} f5
{[%clk 0:54:30]} 20. gxf5 {[%clk 0:39:48]} gxf5 {[%clk 0:54:36]} 21. Nf3
{[%clk 0:33:54]} Rf6 {[%clk 0:50:23]} 22. Bh4 {[%clk 0:30:44]} Rh6
{[%clk 0:43:21]} 23. Qg2 {[%clk 0:30:37]} a5 {[%clk 0:43:23]} 24. Kh1
{[%clk 0:25:46]} Ba6 {[%clk 0:39:19]} 25. Rg1 {[%clk 0:26:02]} Qf8
{[%clk 0:34:33]} 26. Bc2 {[%clk 0:20:23]} Rc8 {[%clk 0:32:53]} 27. Bg5
{[%clk 0:20:07]} Rh5 {[%clk 0:30:41]} 28. Rad1 {[%clk 0:11:36]} cxd4
{[%clk 0:29:33]} 29. Bxe4 {[%clk 0:11:49]} dxe4 {[%clk 0:27:46]} 30. Nxd4
{[%clk 0:12:08]} Re8 {[%clk 0:27:07]} 31. b3 {[%clk 0:11:20]} Bd3
{[%clk 0:24:21]} 32. Rxd3 {[%clk 0:11:45]} exd3 {[%clk 0:24:45]} 33. Qc6
{[%clk 0:12:11]} Rc8 {[%clk 0:19:59]} 34. Qd7 {[%clk 0:12:15]} Rxc3
{[%clk 0:20:06]} 35. h4 {[%clk 0:08:19]} d2 {[%clk 0:15:07]} 36. Qxe6+
{[%clk 0:04:54]} Kh8 {[%clk 0:08:48]} 37. Ne2 {[%clk 0:04:49]} Rc2
{[%clk 0:07:47]} 38. Rd1 {[%clk 0:04:13]} Qa8+ {[%clk 0:07:52]} 39. Kg1
{[%clk 0:02:06]} Qf3 {[%clk 0:06:18]} 40. Qxd6 {[%clk 0:02:32]} Qxe3+
{[%clk 0:04:57]} 41. Kf1 {[%clk 0:02:57]} Kh7 {[%clk 0:03:35]} 42. Qe5
{[%clk 0:02:28]} Qd3 {[%clk 0:03:26]} 43. Qd4 {[%clk 0:02:12]} Qf3+
{[%clk 0:03:01]} 44. Qf2 {[%clk 0:02:23]} Qh1+ {[%clk 0:00:57]} 45. Ng1
{[%clk 0:02:35]} Qd5 {[%clk 0:01:10]} 46. Qf3 {[%clk 0:02:41]} Qf7
{[%clk 0:00:47]} 47. Qd3 {[%clk 0:03:02]} Rxa2 {[%clk 0:01:03]} 48. Nf3
{[%clk 0:03:06]} Qe6 {[%clk 0:00:53]} 49. Rxd2 {[%clk 0:02:14]} Rxd2
{[%clk 0:00:59]} 50. Nxd2 {[%clk 0:02:38]} Kg6 {[%clk 0:01:11]} 51. Qd8
{[%clk 0:02:18]} Rh7 {[%clk 0:01:36]} 52. Nc4 {[%clk 0:02:34]} Rh5
{[%clk 0:01:04]} 53. Ne5+ {[%clk 0:01:08]} Kh7 {[%clk 0:01:33]} 54. Nd7
{[%clk 0:01:32]} Qxb3 {[%clk 0:01:19]} 55. Nf8+ {[%clk 0:01:48]} Kg8
{[%clk 0:01:37]} 56. Ne6+ {[%clk 0:01:08]} Kh7 {[%clk 0:01:42]} 57. Nf8+
{[%clk 0:00:53]} Kh8 {[%clk 0:01:33]} 58. Ne6+ {[%clk 0:00:51]} Kh7
{[%clk 0:01:58]} 1/2-1/2